Zwycięzcy Ligi Mistrzów UEFA – nagła śmierć - Statystyki

Ogólne statystyki
  • Ten quiz został rozwiązany 4 156 razy
    769 od ostatniego zresetowania
  • Średni wynik to 12 z 24
Answers on the Grid
Answers color-coded by a green-red scale on the quiz's grid according to % correct below.
AC Milan
Ajax
Anderlecht
Arsenal
Aston Villa
Atalanta
Atlético Madryt
Barcelona
Bayer Leverkusen
Bayern Monachium
Benfica
Beşiktaş
Borussia Dortmund
Borussia Mönchengladbach
BSC Young Boys
Celtic
Chelsea
CSKA Moskwa
Fenerbahçe
Feyenoord
Fiorentina
Galatasaray
Girondins Bordeaux
Hamburg SV
Inter Mediolan
Juventus
Lazio
Leeds United
Liverpool
Manchester City
Manchester United
Nottingham Forest
Olympiacos
Olympique Marsylia
Olympique Lyon
Paris Saint-Germain
Porto
PSV Eindhoven
Rangers
RB Lipsk
Real Madryt
Red Star Belgrad
Roma
Sevilla
Szachtar Donieck
Slavia Praga
Sporting CP
Steaua Bukareszt
Tottenham Hotspur
Zenit Petersburg
 
Statystyki odpowiedzi
Odpowiedź % Poprawnych
AC Milan
92%
Ajax
82%
Barcelona
73%
Bayern Monachium
67%
Chelsea
62%
Liverpool
59%
Manchester City
59%
Manchester United
58%
Real Madryt
58%
Paris Saint-Germain
57%
Inter Mediolan
55%
Juventus
54%
Borussia Dortmund
53%
Porto
47%
Benfica
42%
Nottingham Forest
41%
Aston Villa
39%
Olympique Marsylia
38%
Celtic
35%
Steaua Bukareszt
32%
Feyenoord
30%
Hamburg SV
30%
Red Star Belgrad
30%
PSV Eindhoven
25%
Nie znaleziono quizów pasujących do podanych kryteriów
Rozkład punktacji
Procent ludzi z każdym wynikiem
Percentyl według liczby udzielonych odpowiedzi
Twoja historia wyników
Nie rozwiązałeś tego quizu od ostatniego zresetowania